Central Library OPAC University of Rajshahi

ধরিত্রীর রুপরেখা / (Record no. 47868)

MARC details
000 -LEADER
fixed length control field 00855nam a2200229 a 4500
001 - CONTROL NUMBER
control field 47868
003 - CONTROL NUMBER IDENTIFIER
rucl marc code BD-RjUL
005 - DATE AND TIME OF LATEST TRANSACTION
control field 20211209054417.0
008 - FIXED-LENGTH DATA ELEMENTS--GENERAL INFORMATION
fixed length control field 160810s2002 bg |||| ||| 000 0 ben d
020 ## - INTERNATIONAL STANDARD BOOK NUMBER
Terms of availability : Tk. 80.00
035 ## - SYSTEM CONTROL NUMBER
System control number (BD-RjUL)47987
040 ## - CATALOGING SOURCE
Original cataloging agency BD-RjUL
Language of cataloging ben
Transcribing agency BD-RjUL
Modifying agency BD-RjUL
041 ## - LANGUAGE CODE
Language code of text/sound track or separate title ben
082 ## - DEWEY DECIMAL CLASSIFICATION NUMBER
Edition number 23
Classification number 891.443
Author mark and year DHO 2002
245 10 - TITLE STATEMENT
Title ধরিত্রীর রুপরেখা /
Statement of responsibility, etc. সৈয়দা সুরাইয়া হক সম্পদানা
260 ## - PUBLICATION, DISTRIBUTION, ETC. (IMPRINT)
Place of publication, distribution, etc. রাজশাহী :
Name of publisher, distributor, etc. বাংলাদেশ লেখিকা সংঘ,
Date of publication, distribution, etc. ২০০২
300 ## - PHYSICAL DESCRIPTION
Pagination [৪] ৭৫ পৃ. ;
Size ২১ সেমি.
650 ## - SUBJECT ADDED ENTRY--TOPICAL TERM
Topical term or geographic name as entry element বাংলা উপন্যাস
9 (RLIN) 145291
Topical term or geographic name as entry element Bengali fiction
9 (RLIN) 145292
700 ## - ADDED ENTRY--PERSONAL NAME
Personal name হক, সৈয়দা সুরাইয়া
942 ## - ADDED ENTRY ELEMENTS (KOHA)
Source of classification or shelving scheme Dewey Decimal Classification
Koha item type Books
Holdings
Lost status Source of classification or shelving scheme Damaged status Not for loan Collection code Permanent Location Current Location Shelving location Date acquired Source of acquisition Cost, normal purchase price Total Checkouts Full call number Date last seen Copy number Koha item type Coded location qualifier
  Dewey Decimal Classification     Fiction Central Library, University of Rajshahi Central Library, University of Rajshahi   04/11/2004 Rasheda Khalek, Rajshahi 80.00   B 891.443 DHO 2002 10/08/2016 C-2 Books  
  Dewey Decimal Classification     Fiction Central Library, University of Rajshahi Central Library, University of Rajshahi   04/11/2004 Rasheda Khalek, Rajshahi 80.00   B 891.443 DHO 2002 10/08/2016 C-3 Books  
  Dewey Decimal Classification     Fiction Central Library, University of Rajshahi Central Library, University of Rajshahi   04/11/2004 Rasheda Khalek, Rajshahi 80.00   B 891.443 DHO 2002 10/08/2016 C-4 Books  
  Dewey Decimal Classification     Fiction Central Library, University of Rajshahi Central Library, University of Rajshahi   04/11/2004 Rasheda Khalek, Rajshahi 80.00   B 891.443 DHO 2002 10/08/2016 C-5 Books B16102